000 00585cam a2200145 4500500
005 20260111142256.0
041 _afre
042 _adc
100 1 0 _aMoureau, François
_eauthor
245 0 0 _aGuennola Thivolle, La Peinture en Bourbonnais du 16e au 18e siècle, préf. Annie Regond, Rennes, PUR, coll. « Art et Société », 2019, 331 p.
260 _c2020.
500 _a19
786 0 _nDix-huitième siècle | 52 | 1 | 2020-10-01 | p. LXXXV-LXXXV | 0070-6760
856 4 1 _uhttps://shs.cairn.info/revue-dix-huitieme-siecle-2020-1-page-LXXXV?lang=fr&redirect-ssocas=7080
999 _c1635854
_d1635854